GEOLOGY: A COMPLETE INTRODUCTION (Record no. 216404)

MARC details
000 -LEADER
fixed length control field 00435nam a22001577a 4500
008 - FIXED-LENGTH DATA ELEMENTS--GENERAL INFORMATION
fixed length control field 260106b |||||||| |||| 00| 0 eng d
020 ## - INTERNATIONAL STANDARD BOOK NUMBER
International Standard Book Number 978-1-473-60155-0
050 ## - LIBRARY OF CONGRESS CALL NUMBER
Classification number QE 28 .R68 2015
100 ## - MAIN ENTRY--PERSONAL NAME
Personal name ROTHERY DAVID A.
245 ## - TITLE STATEMENT
Title GEOLOGY: A COMPLETE INTRODUCTION
260 ## - PUBLICATION, DISTRIBUTION, ETC.
Place of publication, distribution, etc. GREAT BRITAIN
Name of publisher, distributor, etc. HODDER EDUCATION
Date of publication, distribution, etc. 2015
300 ## - PHYSICAL DESCRIPTION
Extent X,389
650 ## - SUBJECT ADDED ENTRY
Topical term or geographic name entry element Earth sciences-Physical geology
942 ## - ADDED ENTRY ELEMENTS (KOHA)
Source of classification or shelving scheme Library of Congress Classification
Koha item type Long Loan Book
Holdings
Withdrawn status Lost status Source of classification or shelving scheme Damaged status Not for loan Collection Home library Current library Shelving location Date acquired Inventory number Total checkouts Full call number Barcode Date last seen Copy number Price effective from Koha item type
    Library of Congress Classification     Science & Technology Kisii University Library Kisii University Library On Display 01/06/2026 110773   QE 28 .R68 2015 000000017515 01/06/2026 C.1 01/06/2026 Long Loan Book
    Library of Congress Classification     Science & Technology Kisii University Library Kisii University Library On Display 01/06/2026 110774   QE 28 .R68 2015 000000017514 01/06/2026 C.2 01/06/2026 Long Loan Book
    Library of Congress Classification     Science & Technology Kisii University Library Kisii University Library On Display 01/06/2026 110775   QE 28 .R68 2015 000000021529 01/06/2026 C.3 01/06/2026 Long Loan Book
    Library of Congress Classification     Science & Technology Kisii University Library Kisii University Library On Display 01/06/2026 110776   QE 28 .R68 2015 000000019178 01/06/2026 C.4 01/06/2026 Long Loan Book
    Library of Congress Classification     Science & Technology Kisii University Library Kisii University Library On Display 01/06/2026 110777   QE 28 .R68 2015 000000019179 01/06/2026 C.5 01/06/2026 Long Loan Book